Ignition Handbook /

Gespeichert in:
Bibliographische Detailangaben
1. Verfasser: Babrauskas, Vytenis (Verfasst von)
Format: Buch
Sprache:Englisch
Veröffentlicht: Fire Science Publishers 2003
Tags: Tag hinzufügen
Keine Tags, Fügen Sie das erste Tag hinzu!

MARC

LEADER 00000nam a22000003a 4500
001 0076278
003 SK-STU
005 20191009124155.8
007 ta
008 191003s ----xo-----e------000-0-----d
020 |a 978-0-9728111-3-2 
040 |a STU  |b slo 
041 0 |a eng 
100 1 |a Babrauskas, Vytenis  |4 aut 
245 1 0 |a Ignition Handbook /  |c aut. Vytenis Babrauskas 
260 |b Fire Science Publishers  |c 2003 
996 |b MDigP 382  |c M* DigP-382  |l MMKN  |s A  |a 24  |w 0076278_0001